000
00296 a2200157 4500
001
168733
020
_a
040
_c
Magnum
100
_a
Goulart, Mario
240
1
0
_a
Tio heroi
_l
por
245
1
0
_a
Tio heroi
362
0
_a
1899
440
1
_a
Dimensão
697
_a
J/FICCAO
942
_c
BK
999
_c
168733
_d
168733